| 000 | 00499cam a2200181ua 4500 | ||
|---|---|---|---|
| 020 |
_a81 7019 302 8 _c695.00 |
||
| 041 |
_aeng _h |
||
| 082 |
_a632 _bRAY/RE |
||
| 100 | _aRaychaudhari, S P . | ||
| 245 |
_aRewiew of tropical plant pathology, vol.lll / _cS P Raychaudhari. _hTextual Documents |
||
| 260 |
_aNewdelhi : _bToday and tomorrows printers , _c1986. |
||
| 300 | _a584 ; . | ||
| 365 | _a695.00 | ||
| 504 | _a | ||
| 700 | 1 | _aVerma , J P . | |
| 942 | _cBK | ||
| 999 |
_c2705 _d2705 |
||